000 01004nam a2200265Ia 4500
003 OSt
005 20200924102734.0
008 191128s1991 mx a gr 000 0 spa d
020 _a9684229933
040 _aCO-JMCR
_cCO-JMCR
041 0 _aspa
082 0 4 _a658.4034 /
_bH654i1
_223
100 _aHillier, Frederick,
_eautor
_91153
245 1 0 _aIntroducción a la investigación de las operaciones /
_cFrederick S. Hillier, Gerald J. Lieberman; traductor Marcia González Osuna
250 _aTercera edición
260 _aMéxico :
_bMcGraw-hill,
_c1991.
300 _axviii, 955 páginas :
_b ilustraciones ;
_c23 cm.
505 0 _aIntroducción -- Programación lineal -- Programación matemática -- Modelos probabilísticos.
650 2 4 _aInvestigación de operaciones
_91154
650 2 4 _a Análisis de sistemas
_91155
650 2 4 _aModelos matemáticos
_91740
700 1 _aLieberman, Gerarld J.,
_eautor
_910775
700 1 _aGonzález, Marcia,
_etraductora
_910778
942 _2ddc
_cBK
999 _c5705
_d5705